000 00511nam a2200181 4500
001 118621
003 ES-MaACL
005 20230906191134.0
007 t|
008 070214s1967 sp r ||||1| spa d
100 0 _aDaniel-Rops.
_942631
245 1 0 _aClara en la claridad /
_cDaniel-Rops [seud] ; traducción de Ana Cela.
250 _a1ª. ed.
260 _aBarcelona :
_bDestino,
_c1967.
300 _a177 p., 16 lám. ;
_c20 cm.
700 1 _aCela, Ana.
_937335
852 _aES-MaACL
_jC-32614
_bR.63568
999 _c118621
_d118621